Aircraft/pavement interaction : (Record no. 548178)

000 -LEADER
fixed length control field 01029pam a2200205 a 4500
020 ## - INTERNATIONAL STANDARD BOOK NUMBER
International Standard Book Number 0872628191
082 00 - DEWEY DECIMAL CLASSIFICATION NUMBER
Classification number 629.1363
Author Mark AIR
-- L-39, P-190
245 00 - TITLE STATEMENT
Title Aircraft/pavement interaction :
Remainder of title an integrated system : proceedings of the conference /
Statement of responsibility, etc. sponsored by the Airfield Pavement Committee, Air Transport Division, American Society of Civil Engineers ; co-sponsored by the U.S. Army Corps of Engineers [and] U.S. Air Force ; hosted by the Kansas City Section ASCE, Holiday Inn Crowne Plaza Hotel, Kansas City, Missouri, September 4-6, 1991 ; edited by Paul T. Foxworthy.
260 ## - PUBLICATION, DISTRIBUTION, ETC.
Place of publication, distribution, etc. New York, N.Y. :
Name of publisher, distributor, etc. ASCE,
Date of publication, distribution, etc. c1991.
300 ## - PHYSICAL DESCRIPTION
Extent vi, 423 p. :
Other physical details ill. ;
Dimensions 22 cm.
526 ## - STUDY PROGRAM INFORMATION NOTE
Program name 0
Interest level 0
Reading level 0
Title point value 629_136300000000000_AIR
650 #0 - SUBJECT ADDED ENTRY--TOPICAL TERM
Topical term or geographic name entry element MCE
9 (RLIN) 379
650 #0 - SUBJECT ADDED ENTRY--TOPICAL TERM
Topical term or geographic name entry element Pavements
General subdivision Congresses.
9 (RLIN) 21178
650 #0 - SUBJECT ADDED ENTRY--TOPICAL TERM
Topical term or geographic name entry element Runways (Aeronautics)
General subdivision Congresses.
9 (RLIN) 44366
700 1# - ADDED ENTRY--PERSONAL NAME
Personal name Foxworthy, Paul T.
9 (RLIN) 44367
710 1# - ADDED ENTRY--CORPORATE NAME
Corporate name or jurisdiction name as entry element United States.
9 (RLIN) 21185
710 1# - ADDED ENTRY--CORPORATE NAME
Corporate name or jurisdiction name as entry element United States.
9 (RLIN) 21185
710 2# - ADDED ENTRY--CORPORATE NAME
Corporate name or jurisdiction name as entry element American Society of Civil Engineers.
9 (RLIN) 702
942 ## - ADDED ENTRY ELEMENTS (KOHA)
Source of classification or shelving scheme
Koha item type Book
Holdings
Withdrawn status Lost status Source of classification or shelving scheme Damaged status Not for loan Permanent Location Current Location Date acquired Total Checkouts Full call number Barcode Date last seen Price effective from Koha item type
          Military College of Engineering (MCE) Military College of Engineering (MCE) 08/25/2014   629.1363 AIR MCE-43527 08/25/2014 08/25/2014 Book
© 2023 Central Library, National University of Sciences and Technology. All Rights Reserved.